=LDR 00000nam 2200000 4500 =001 INLIS000000000033705 =005 20130612135638 =008 ***********************************ind** =035 ##$$0010-061300000033705 =041 ##$$a ind =082 ##$$a 503 =090 ##$$a 503, Suh k =100 ##$$a Suherman =245 ##$$a Kamus pintar IPA, Suherman =260 ##$$a [20?...] $b Bandung =650 ##$$a IPA, Kamus =850 ##$$a NBPNMAT